000 00671nam a2200217 i 4500
001 bg
100 1 _aRUDOLPH, Joachim
245 0 0 _aChemia popularna /
_cJoachim Rudolph ; z niem. tł. Jerzy Kuryłowicz.
246 _iTyt. oryg.:
_aKnaurs Buch der modernen Chemie
260 _aWarszawa :
_bWiedza Powszechna,
_c1977.
300 _a356, [1] s. :
_bfot., portr., rys., wykr. (w tym kolor.) ;
_c25 cm.
500 _aOryg. : "Knaurs Buch der modernen Chemie" 1971.
504 _aIndeks.
650 9 _aChemia
655 _aWydawnictwa popularne
040 _cBPK
041 1 _apl
_hdede
080 _a54
942 _cKS
008 s pl f |000 0 pol
999 _c32987
_d32987
856 _uhttp://koha.tu.koszalin.pl/cgi-bin/koha/opac-detail.pl?biblionumber=32987
_yKatalog online BPK